[Event "CYCC U12"]
[Site "Calgary CAN"]
[Date "2023.07.21"]
[Round "5.138"]
[White "Li, Morgan"]
[Black "Gupta, Dhruv"]
[Result "1-0"]
[WhiteElo "996"]
[BlackElo "786"]
[PlyCount "149"]
[EventDate "2023.07.19"]
[EventType "swiss"]
[EventRounds "7"]
[EventCountry "CAN"]

1. e4 c6 2. d4 d5 3. exd5 Nf6 4. Nf3 cxd5 5. c3 Bg4 6. h3 Bh5 7. Nbd2 Nc6 8.
Bb5 a6 9. Ba4 e6 10. O-O Bd6 11. Re1 O-O 12. Nf1 Ne4 13. Be3 f5 14. Qc2 Bxf3
15. gxf3 Ng5 16. Kg2 Ne7 17. Bxg5 h6 18. Bd2 Rf6 19. Ne3 Rg6+ 20. Kf1 Nc6 21.
Bxc6 bxc6 22. Ke2 Qh4 23. Rh1 Re8 24. Raf1 e5 25. Qxf5 Qf6 26. Qxf6 Rxf6 27.
dxe5 Rxe5 28. Kd1 Rxf3 29. Ng4 Re8 30. Re1 Rb8 31. Kc1 Rf7 32. Rhg1 Bf4 33.
Nxh6+ Bxh6 34. Bxh6 Kh7 35. Be3 Rfb7 36. Re2 Re7 37. Rd2 Rb5 38. Rgd1 Re4 39.
Rd4 Re5 40. Rb4 Ra5 41. a3 Rh5 42. Bb6 Rb5 43. Rxb5 axb5 44. Re1 Rxh3 45. Re6
Rh6 46. Rxh6+ gxh6 47. Bd8 Kg6 48. Kd2 Kf5 49. Ke3 c5 50. b4 c4 51. Kd4 Kf4 52.
Kxd5 Kf3 53. Bh4 Ke2 54. Kc5 Kd2 55. Bf6 Ke2 56. f4 Kf3 57. Kxb5 Kxf4 58. Kxc4
Kf5 59. Bd8 Ke6 60. a4 Kd7 61. Bh4 Kc7 62. Kb5 Kb7 63. c4 Kc7 64. Kc5 Kb7 65.
a5 Ka6 66. Kc6 h5 67. c5 Ka7 68. b5 Kb8 69. b6 Ka8 70. a6 Kb8 71. Kb5 Ka8 72.
Bf2 h4 73. c6 h3 74. b7+ Kb8 75. Kb6 1-0

[Event "CYCC U12"]
[Site "Calgary CAN"]
[Date "2023.07.21"]
[Round "5.139"]
[White "Zhang, Ryan"]
[Black "Zhuang, George"]
[Result "1-0"]
[WhiteElo "948"]
[BlackElo "723"]
[PlyCount "75"]
[EventDate "2023.07.19"]
[EventType "swiss"]
[EventRounds "7"]
[EventCountry "CAN"]

1. d4 d5 2. c4 dxc4 3. e4 e5 4. d5 Nf6 5. Nc3 Bc5 6. Bg5 h6 7. Bxf6 Qxf6 8. Nf3
c6 9. Bxc4 cxd5 10. Nxd5 Qc6 11. Bb5 Bg4 12. Bxc6+ Nxc6 13. Nc7+ Ke7 14. Nxa8
Rxa8 15. h3 Bh5 16. g4 Bg6 17. Qe2 Bb4+ 18. Kf1 Nd4 19. Nxd4 exd4 20. Qb5 a5
21. Qxb7+ Ke6 22. Qxa8 Ke5 23. f3 f6 24. Kf2 d3 25. Qd5+ Kf4 26. a3 Be7 27. Qd7
Bc5+ 28. Kg2 h5 29. Qc7+ Kg5 30. Qxc5+ Kh6 31. h4 d2 32. g5+ Kh7 33. gxf6 gxf6
34. Qf8 d1=N 35. Raxd1 f5 36. Rd7+ Bf7 37. Rxf7+ Kg6 38. Qg7# 1-0

[Event "CYCC U12"]
[Site "Calgary CAN"]
[Date "2023.07.21"]
[Round "5.140"]
[White "Yuan, Jaydon"]
[Black "Zhou, Ansun"]
[Result "1/2-1/2"]
[WhiteElo "578"]
[BlackElo "936"]
[PlyCount "85"]
[EventDate "2023.07.19"]
[EventType "swiss"]
[EventRounds "7"]
[EventCountry "CAN"]

1. e4 c5 2. Nc3 Nc6 3. g3 e6 4. Bg2 Nge7 5. d3 Ng6 6. f4 d6 7. Nf3 Rb8 8. a4 a6
9. O-O Bd7 10. Ne2 Nge7 11. g4 Qb6 12. Kh1 g6 13. Ng3 Bg7 14. c3 Qd8 15. Nd2
O-O 16. f5 Nc8 17. Rf3 Ne5 18. Rf1 Nxd3 19. Nb1 Nxc1 20. Qxc1 b5 21. a5 Qh4 22.
Qf4 exf5 23. exf5 Be5 24. Qf3 Bxg3 25. h3 Be5 26. f6 Qg3 27. Qxg3 Bxg3 28. Nd2
Be5 29. Ne4 Bc6 30. h4 Bxe4 31. Bxe4 Rd8 32. h5 Na7 33. Bd5 Rd7 34. Rad1 Kf8
35. hxg6 hxg6 36. Rf3 Ke8 37. Re1 Kd8 38. g5 Kc7 39. Rh3 Nc6 40. Rc1 Rf8 41. b4
c4 42. Rf1 Rdd8 43. Rff3 1/2-1/2

[Event "CYCC U12"]
[Site "Calgary CAN"]
[Date "2023.07.21"]
[Round "5.144"]
[White "Ganeshanathan, Sayan"]
[Black "Nguyen, Aiden"]
[Result "0-1"]
[WhiteElo "848"]
[BlackElo "626"]
[Annotator ",hugh_brodie@hotmail."]
[PlyCount "80"]
[EventDate "2023.07.19"]
[EventType "swiss"]
[EventRounds "7"]
[EventCountry "CAN"]

1. e4 e5 2. Nf3 Nc6 3. Bb5 a6 4. Ba4 Bc5 5. O-O d5 6. exd5 Qxd5 7. Nc3 Qd6 8.
Bxc6+ bxc6 9. h3 Nf6 10. Re1 Bd4 11. Nxd4 Qxd4 12. Qf3 Bb7 13. Qg3 O-O 14. Rxe5
Qd6 15. d3 Kh8 16. Bf4 h6 17. Re8 Qb4 18. Rxf8+ Rxf8 19. Rb1 Nh5 20. Qg4 Nxf4
21. g3 Nxd3 22. cxd3 Qxg4 23. hxg4 Re8 24. Kf1 c5 25. a3 Bf3 26. Na4 Be2+ 27.
Kg1 Bxd3 28. Rc1 c4 29. Nc5 Re7 30. Nxd3 cxd3 31. Rd1 Rd7 32. Kg2 c5 33. b3 d2
34. Kf3 Rd3+ 35. Ke2 Rxb3 36. Rxd2 Rxa3 37. Rd5 Ra5 38. Ke3 Kh7 39. Ke4 Kg6 40.
f3 Rb5 {Missing moves. Black won on about move 55.} 0-1

[Event "CYCC U12"]
[Site "Calgary CAN"]
[Date "2023.07.21"]
[Round "5.145"]
[White "Slobinsky, Tal"]
[Black "Sun, Kaiqi"]
[Result "0-1"]
[WhiteElo "584"]
[BlackElo "856"]
[PlyCount "46"]
[EventDate "2023.07.19"]
[EventType "swiss"]
[EventRounds "7"]
[EventCountry "CAN"]

1. e4 c5 2. Bc4 Nc6 3. Qf3 Ne5 4. Qc3 Nxc4 5. Qxc4 e5 6. Nf3 d6 7. d3 Be6 8.
Qc3 Be7 9. h4 Bg4 10. Bg5 Bxf3 11. gxf3 Bxg5 12. hxg5 Qxg5 13. Qb3 Qc1+ 14. Ke2
Qxh1 15. Qxb7 Rd8 16. Qxa7 h5 17. Qa4+ Ke7 18. Qa7+ Rd7 19. Qa5 Rh6 20. Na3
Qxa1 21. Qd2 Rf6 22. Qg5 Qh1 23. Qxg7 Qxf3+ 0-1

[Event "CYCC U12"]
[Site "Calgary CAN"]
[Date "2023.07.21"]
[Round "5.110"]
[White "Zhong, Ryan Yunhui"]
[Black "Moses, Neil"]
[Result "1-0"]
[WhiteElo "2017"]
[BlackElo "1985"]
[PlyCount "67"]
[EventDate "2023.07.19"]
[EventType "swiss"]
[EventRounds "7"]
[EventCountry "CAN"]

1. e4 c5 2. Nf3 d6 3. Bb5+ Nd7 4. c3 a6 5. Ba4 b5 6. Bc2 Ngf6 7. O-O Bb7 8. Re1
e6 9. d4 Be7 10. Bg5 h6 11. Bf4 g5 12. Bc1 Qc7 13. Kh1 Rc8 14. dxc5 Nxc5 15.
Nbd2 O-O 16. Nd4 d5 17. e5 Nfe4 18. Qe2 Nxd2 19. Bxd2 Ne4 20. f3 Nxd2 21. Qxd2
Kg7 22. f4 Rh8 23. f5 Bc5 24. fxe6 Bxd4 25. Qxd4 fxe6 26. Qd3 Qf7 27. Rf1 Qe8
28. Rf6 Rc7 29. Raf1 Kg8 30. Qf3 Kg7 31. Rg6+ Qxg6 32. Bxg6 Kxg6 33. Qf6+ Kh7
34. Qxe6 1-0

[Event "CYCC U12"]
[Site "Calgary CAN"]
[Date "2023.07.21"]
[Round "5.111"]
[White "Mok, Erwin"]
[Black "Liu, Zachary"]
[Result "1/2-1/2"]
[WhiteElo "1694"]
[BlackElo "2071"]
[PlyCount "54"]
[EventDate "2023.07.19"]
[EventType "swiss"]
[EventRounds "7"]
[EventCountry "CAN"]

1. d4 Nf6 2. c4 e6 3. Nc3 Bb4 4. Qc2 Nc6 5. Nf3 d6 6. a3 Bxc3+ 7. Qxc3 a5 8. b3
O-O 9. e3 Re8 10. Bd3 e5 11. d5 Nb8 12. e4 c6 13. O-O c5 14. Bb2 Nh5 15. Rfe1
Qf6 16. Bf1 g5 17. g3 Qg6 18. Bg2 f6 19. Qc2 Ng7 20. Nd2 h5 21. h3 Kf7 22. Bc3
Kg8 23. b4 Na6 24. bxa5 Qf7 25. Rf1 Qg6 26. Kh1 Kh7 27. Kh2 Rg8 1/2-1/2

[Event "CYCC U12"]
[Site "Calgary CAN"]
[Date "2023.07.21"]
[Round "5.112"]
[White "Deshpande, Sarthak"]
[Black "Gao, Justin"]
[Result "1/2-1/2"]
[WhiteElo "1719"]
[BlackElo "1853"]
[PlyCount "84"]
[EventDate "2023.07.19"]
[EventType "swiss"]
[EventRounds "7"]
[EventCountry "CAN"]

1. d4 d5 2. c4 e6 3. Nf3 Nf6 4. g3 Be7 5. Bg2 O-O 6. Qc2 c6 7. O-O Nbd7 8. Nbd2
b6 9. e4 dxc4 10. Nxc4 Bb7 11. Rd1 b5 12. Nce5 Qb6 13. Be3 Qc7 14. Nxd7 Nxd7
15. d5 exd5 16. exd5 Qc8 17. d6 Bf6 18. Bg5 Qd8 19. Be3 c5 20. h4 Rb8 21. Rac1
Bxf3 22. Bxf3 Ne5 23. Bg2 Nc4 24. Bxc5 Nxb2 25. d7 Nxd1 26. Bxf8 Nc3 27. Bb4
Nd5 28. Bd6 Rb6 29. Bc7 Qxd7 30. Bxb6 Nxb6 31. Rd1 Qe6 32. Qd3 g6 33. a3 Qc4
34. Qd6 Kg7 35. Bf1 Qg4 36. Bxb5 Bxh4 37. Rd4 Qh5 38. Be8 Bf6 39. Rf4 Nd5 40.
Re4 Qd1+ 41. Kh2 Qf3 42. Qxd5 Qxf2+ 1/2-1/2

[Event "CYCC U12"]
[Site "Calgary CAN"]
[Date "2023.07.21"]
[Round "5.113"]
[White "Mendes, Aaron Reeve"]
[Black "Fu, Odyssey"]
[Result "1-0"]
[WhiteElo "2305"]
[BlackElo "1537"]
[PlyCount "127"]
[EventDate "2023.07.19"]
[EventType "swiss"]
[EventRounds "7"]
[EventCountry "CAN"]

1. e4 c5 2. Nf3 Nc6 3. Bb5 e6 4. Bxc6 bxc6 5. b3 Nf6 6. d3 d5 7. Nbd2 Ba6 8. e5
Nd7 9. c4 Qc7 10. Bb2 g6 11. O-O Bg7 12. Re1 O-O 13. Qc2 Rfd8 14. Re2 Rab8 15.
Rae1 Bb7 16. h4 h6 17. Kh1 Kh8 18. Nf1 a5 19. Bc1 Ba6 20. Bd2 Kh7 21. h5 d4 22.
N1h2 Rg8 23. Qc1 Nf8 24. Re4 g5 25. Ng4 Rb7 26. g3 Qd8 27. Kg2 Ra7 28. Rh1 f5
29. exf6 Bxf6 30. Bxa5 Qe7 31. Bb6 Rd7 32. Bxc5 Qg7 33. Nxf6+ Qxf6 34. Bxd4 Qf5
35. g4 Qa5 36. Qc2 Qd8 37. Be5 Rgg7 38. Bxg7 Kxg7 39. d4 c5 40. Rxe6 Nxe6 41.
Qg6+ Kf8 42. Qxh6+ Ke7 43. Re1 Qg8 44. d5 Rd6 45. Rxe6+ Rxe6 46. Qxe6+ Qxe6 47.
dxe6 Bb7 48. Kg3 Kxe6 49. Nxg5+ Kf6 50. f4 Bc6 51. Nf3 Be4 52. Ne5 Ke6 53. h6
Bh7 54. a4 Kd6 55. g5 Ke7 56. a5 Be4 57. a6 Kf8 58. a7 Kg8 59. f5 Kh8 60. Kf4
Bb7 61. g6 Kg8 62. f6 Kh8 63. h7 Be4 64. Nf7# 1-0

[Event "CYCC U12"]
[Site "Calgary CAN"]
[Date "2023.07.21"]
[Round "5.114"]
[White "Wu, Ryan"]
[Black "Zhao, Jifan"]
[Result "0-1"]
[WhiteElo "1576"]
[BlackElo "2113"]
[PlyCount "151"]
[EventDate "2023.07.19"]
[EventType "swiss"]
[EventRounds "7"]
[EventCountry "CAN"]

1. Nf3 Nf6 2. d4 d5 3. Bf4 e6 4. c3 Nh5 5. Bg5 Be7 6. Bxe7 Qxe7 7. e3 Nf6 8.
Nbd2 b6 9. Bb5+ c6 10. Bd3 Nbd7 11. O-O O-O 12. e4 c5 13. e5 Ne8 14. Ne1 f5 15.
f4 a5 16. a4 Nc7 17. Ndf3 cxd4 18. cxd4 Na6 19. Bb5 Nb4 20. Nd3 Nb8 21. Nxb4
axb4 22. Rc1 Ra5 23. b3 Bd7 24. Rc7 Qd8 25. Qc2 Bxb5 26. axb5 h6 27. Rc1 Ra8
28. Qe2 Nd7 29. Qc2 Nc5 30. Rc6 Ne4 31. Rxe6 Nc3 32. Re1 Ra2 33. Qd3 Rb2 34.
Rd6 Qa8 35. e6 Ne4 36. Re2 Rxe2 37. Qxe2 Nxd6 38. e7 Re8 39. Qe6+ Nf7 40. Ne5
Qa1+ 41. Kf2 Qxd4+ 42. Ke2 Qe4+ 43. Kd1 Qb1+ 44. Ke2 Qc2+ 45. Ke1 Qe4+ 46. Kd1
Qd4+ 47. Ke2 Qb2+ 48. Ke1 Qc3+ 49. Ke2 Rxe7 50. Qxe7 Nxe5 51. fxe5 d4 52. e6
d3+ 53. Ke3 d2+ 54. Ke2 Qc2 55. Qd8+ Kh7 56. Qxd2 Qxd2+ 57. Kxd2 Kg6 58. Kd3
Kf6 59. e7 Kxe7 60. Kc4 Kd6 61. Kd4 Ke6 62. h4 g5 63. hxg5 hxg5 64. g3 Kd6 65.
Kd3 Kd5 66. Ke3 Ke5 67. Kd3 f4 68. g4 Kd5 69. Ke2 Kd4 70. Kd2 f3 71. Kc1 f2 72.
Kb1 f1=Q+ 73. Ka2 Kd3 74. Kb2 Qe2+ 75. Kb1 Kc3 76. Ka1 0-1

[Event "CYCC U12"]
[Site "Calgary CAN"]
[Date "2023.07.21"]
[Round "5.115"]
[White "Marchand, Calix"]
[Black "Zhan, Jayden"]
[Result "0-1"]
[WhiteElo "2101"]
[BlackElo "1431"]
[PlyCount "136"]
[EventDate "2023.07.19"]
[EventType "swiss"]
[EventRounds "7"]
[EventCountry "CAN"]

1. e4 e6 2. d3 c5 3. Nf3 Nc6 4. g3 Nge7 5. Bg2 g6 6. O-O Bg7 7. Nbd2 O-O 8. Re1
d6 9. c3 e5 10. Nc4 h6 11. Ne3 Be6 12. Nd2 f5 13. Nd5 g5 14. a4 f4 15. Nc4 Ng6
16. b3 g4 17. f3 h5 18. Rf1 h4 19. gxf4 h3 20. Bh1 exf4 21. fxg4 Bxd5 22. exd5
Bxc3 23. Bb2 Bxb2 24. Nxb2 Nce5 25. Nc4 Qg5 26. Nxd6 f3 27. Bxf3 Nxf3+ 28. Rxf3
Qxg4+ 29. Rg3 Qd4+ 30. Kh1 Qxd5+ 31. Ne4 Kg7 32. Qg1 Rf6 33. Rg5 Qxd3 34. Qg4
Rf1+ 35. Rxf1 Qxf1+ 36. Qg1 Qf3+ 37. Rg2 hxg2+ 38. Qxg2 Qxg2+ 39. Kxg2 b6 40.
Ng5 Kf6 41. Ne4+ Ke5 42. Ng5 Kd4 43. Kg3 Kc3 44. Kg4 Kxb3 45. Kf5 Nh4+ 46. Kg4
c4 47. Kxh4 c3 48. Nf3 Rd8 49. Ng1 Rh8+ 50. Kg3 Rg8+ 51. Kf2 Rxg1 52. Kxg1 c2
53. h4 c1=Q+ 54. Kg2 Kxa4 55. h5 b5 56. h6 Qxh6 57. Kf3 b4 58. Ke4 b3 59. Kd3
b2 60. Kc2 Qc1+ 61. Kd3 b1=Q+ 62. Kd4 Qb8 63. Kd5 Qd8+ 64. Ke6 Qe3+ 65. Kf7
Qdg5 66. Kf8 Qgf4+ 67. Kg7 Qeg3+ 68. Kh8 Qfh4# 0-1

[Event "CYCC U12"]
[Site "Calgary CAN"]
[Date "2023.07.21"]
[Round "5.116"]
[White "Lu, Aiden"]
[Black "Yin, Zeming"]
[Result "0-1"]
[WhiteElo "1561"]
[BlackElo "1748"]
[PlyCount "44"]
[EventDate "2023.07.19"]
[EventType "swiss"]
[EventRounds "7"]
[EventCountry "CAN"]

1. e4 c6 2. Nf3 d5 3. Nc3 dxe4 4. Nxe4 Nf6 5. Nxf6+ exf6 6. d4 Bd6 7. Bd3 O-O
8. O-O Re8 9. c3 Nd7 10. Qc2 Nf8 11. h3 Ng6 12. Be3 Be6 13. Rfe1 Qd7 14. Qd1
Re7 15. Qd2 Bxh3 16. gxh3 Qxh3 17. Qd1 Nh4 18. Nxh4 Bh2+ 19. Kh1 Rxe3 20. Ng2
Bg3+ 21. Kg1 Qh2+ 22. Kf1 Qh1# 0-1

[Event "CYCC U12"]
[Site "Calgary CAN"]
[Date "2023.07.21"]
[Round "5.117"]
[White "Naiboglu, Onur"]
[Black "Jiang, William"]
[Result "0-1"]
[WhiteElo "1356"]
[BlackElo "1680"]
[PlyCount "78"]
[EventDate "2023.07.19"]
[EventType "swiss"]
[EventRounds "7"]
[EventCountry "CAN"]

1. e4 c5 2. c3 d5 3. exd5 Qxd5 4. d4 Nc6 5. Nf3 Bg4 6. Be2 e6 7. c4 Qd7 8. d5
exd5 9. cxd5 Bxf3 10. Bxf3 Nd4 11. O-O Nf6 12. Nc3 O-O-O 13. Bg5 Qd6 14. Ne4
Qxd5 15. Kh1 Nxe4 16. Bxd8 Kxd8 17. Qa4 a6 18. Qa5+ Kc8 19. Rac1 Nxf3 20. gxf3
Ng5 21. Rg1 Nxf3 22. Rcd1 Nd4+ 23. Rg2 Bd6 24. b4 Re8 25. Rc1 Nc6 26. Qa3 cxb4
27. Qh3+ Kb8 28. Qxh7 g6 29. Qh3 Qd2 30. Rcg1 Qxa2 31. f4 Qc4 32. Qg4 b3 33.
Rd1 Qe6 34. Qh4 Be7 35. Qg3 Ka8 36. Re1 Qd5 37. Rb1 Bb4 38. h3 Nd4 39. Qf2 Re2
0-1

[Event "CYCC U12"]
[Site "Calgary CAN"]
[Date "2023.07.21"]
[Round "5.118"]
[White "Chen, Zhengyu"]
[Black "Ni, Alvin"]
[Result "1-0"]
[WhiteElo "1670"]
[BlackElo "1273"]
[PlyCount "69"]
[EventDate "2023.07.19"]
[EventType "swiss"]
[EventRounds "7"]
[EventCountry "CAN"]

1. Nf3 d5 2. c4 c6 3. e3 Nf6 4. Nc3 Bg4 5. Be2 e6 6. b3 Bd6 7. O-O Bxf3 8. Bxf3
O-O 9. Bb2 Bc7 10. Ba3 Re8 11. d4 e5 12. cxd5 cxd5 13. dxe5 Bxe5 14. Nxd5 Bxa1
15. Ne7+ Kh8 16. Qxd8 Rxd8 17. Bxb7 Na6 18. Bxa8 Rxa8 19. Rxa1 Rd8 20. Rc1 h6
21. Rc8 Rxc8 22. Nxc8 Nd5 23. Nxa7 Nc3 24. b4 Nc7 25. Bb2 Nxa2 26. b5 Nb4 27.
b6 Nca6 28. b7 Nb8 29. Be5 N4a6 30. Kf1 Kg8 31. Ke2 Kf8 32. Kd3 Nd7 33. Bd6+
Ke8 34. Kc4 Nab8 35. Kb5 1-0

[Event "CYCC U12"]
[Site "Calgary CAN"]
[Date "2023.07.21"]
[Round "5.120"]
[White "Lee, Daniel"]
[Black "Duanmu, Isaac"]
[Result "1-0"]
[WhiteElo "1166"]
[BlackElo "1620"]
[PlyCount "117"]
[EventDate "2023.07.19"]
[EventType "swiss"]
[EventRounds "7"]
[EventCountry "CAN"]

1. e4 c6 2. d4 d5 3. exd5 cxd5 4. Bd3 Nc6 5. Nf3 Qc7 6. Bg5 f6 7. Bh4 e5 8.
dxe5 fxe5 9. Bg3 Bd6 10. Nc3 Nf6 11. O-O a6 12. Re1 O-O 13. Nxd5 Nxd5 14. Bc4
Bg4 15. Qxd5+ Kh8 16. Ng5 Nd8 17. f3 Qc5+ 18. Kh1 Qxd5 19. Bxd5 Bf5 20. Bb3 h6
21. Ne4 Bxe4 22. Rxe4 Nc6 23. Rd1 Rad8 24. Re3 Bc7 25. Red3 Kh7 26. Rxd8 Rxd8
27. Rxd8 Bxd8 28. Bd5 Bf6 29. Bxc6 bxc6 30. Kg1 Kg6 31. Kf2 Kf7 32. Ke3 Ke7 33.
Ke4 Ke6 34. b3 Kd6 35. Bf2 Be7 36. Kf5 Kd5 37. Kg6 Bf6 38. Kf7 Kd6 39. c4 Kd7
40. Bc5 a5 41. Bf8 h5 42. Bxg7 Bxg7 43. Kxg7 Ke7 44. Kg6 Ke6 45. Kxh5 Kf5 46.
g4+ Kf4 47. g5 Kxf3 48. g6 e4 49. g7 e3 50. g8=Q e2 51. Qf7+ Ke3 52. Qe6+ Kd2
53. Qd6+ Kc1 54. Qe5 Kd2 55. Qd4+ Kc1 56. Qe3+ Kd1 57. Qd3+ Ke1 58. Kg4 a4 59.
Kf3 1-0

[Event "CYCC U12"]
[Site "Calgary CAN"]
[Date "2023.07.21"]
[Round "5.121"]
[White "Wang, Patrick"]
[Black "Lin, Austin"]
[Result "1/2-1/2"]
[WhiteElo "960"]
[BlackElo "1566"]
[PlyCount "139"]
[EventDate "2023.07.19"]
[EventType "swiss"]
[EventRounds "7"]
[EventCountry "CAN"]

1. e4 c6 2. d4 d5 3. exd5 cxd5 4. Nf3 Nf6 5. Be3 Bf5 6. Nbd2 e6 7. c3 Bd6 8.
Bg5 h6 9. Bh4 Nc6 10. Qb3 Rb8 11. Bb5 a6 12. Bxf6 Qxf6 13. Bxc6+ bxc6 14. Qa4
Rb6 15. c4 Bb4 16. c5 Bxd2+ 17. Nxd2 Rb5 18. Qxa6 O-O 19. Qxc6 Rxb2 20. Nf3 Be4
21. Qa6 Bxf3 22. gxf3 Qxd4 23. O-O Qxc5 24. Rac1 Qb6 25. Rc6 Qxa6 26. Rxa6 Rfb8
27. Rc1 Rb1 28. Rxb1 Rxb1+ 29. Kg2 Ra1 30. f4 d4 31. Kf3 f5 32. Rxe6 Rxa2 33.
Rd6 Ra4 34. Rd5 g6 35. Ke2 h5 36. h4 Ra1 37. Kf3 Ra3+ 38. Kg2 Ra4 39. Kf3 Kf7
40. Re5 Ra3+ 41. Kg2 Ra4 42. Kf3 Rb4 43. Ke2 d3+ 44. Ke3 Re4+ 45. Rxe4 fxe4 46.
f3 exf3 47. Kxd3 Ke6 48. Ke3 Kf6 49. Kf2 Ke6 50. Ke3 Kf6 51. Kf2 Kf5 52. Kxf3
Kf6 53. Ke3 Kf7 54. Kf2 Ke6 55. Ke3 Kd5 56. Kf3 Kd4 57. f5 Ke5 58. fxg6 Kf6 59.
Ke4 Kxg6 60. Ke5 Kh7 61. Kf5 Kh6 62. Kf6 Kh7 63. Kg5 Kg8 64. Kxh5 Kh8 65. Kh6
Kg8 66. Kg5 Kh7 67. h5 Kg7 68. h6+ Kh7 69. Kh5 Kg8 70. Kg6 1/2-1/2

[Event "CYCC U12"]
[Site "Calgary CAN"]
[Date "2023.07.21"]
[Round "5.123"]
[White "Xue, Zachary"]
[Black "Gautam, Arnav"]
[Result "1/2-1/2"]
[WhiteElo "1522"]
[BlackElo "1217"]
[PlyCount "76"]
[EventDate "2023.07.19"]
[EventType "swiss"]
[EventRounds "7"]
[EventCountry "CAN"]

1. e4 e6 2. d4 d5 3. exd5 exd5 4. c4 Nf6 5. Nc3 h6 6. Bd3 Nc6 7. Nge2 Bd6 8. a3
Be6 9. c5 Be7 10. Bb5 Qd7 11. O-O O-O 12. Re1 a6 13. Ba4 b5 14. Bc2 Rad8 15.
Ng3 Ne4 16. Qd3 Nxd4 17. Ncxe4 dxe4 18. Qxe4 f5 19. Qd3 Bxc5 20. Bb1 Nb3 21.
Qxd7 Rxd7 22. Ba2 Bc4 23. Rb1 Kh8 24. Bf4 g5 25. Be5+ Kh7 26. Bc3 Nd2 27. Rbd1
Bxa2 28. Rxd2 Rxd2 29. Bxd2 Rd8 30. Bc3 f4 31. Ne4 Bd4 32. Rd1 c5 33. b4 Bb3
34. Rd2 Re8 35. bxc5 Bxc3 36. Re2 Kg6 37. Nxc3 Rxe2 38. Nxe2 Bd5 1/2-1/2

[Event "CYCC U12"]
[Site "Calgary CAN"]
[Date "2023.07.21"]
[Round "5.126"]
[White "Buitelaar, Jake"]
[Black "Villamar, Eros"]
[Result "0-1"]
[WhiteElo "910"]
[BlackElo "1052"]
[PlyCount "70"]
[EventDate "2023.07.19"]
[EventType "swiss"]
[EventRounds "7"]
[EventCountry "CAN"]

1. e4 e6 2. Nf3 d5 3. e5 c5 4. d4 Nc6 5. Be3 Qb6 6. b3 cxd4 7. Nxd4 Nxd4 8.
Bxd4 Qc7 9. Nc3 Bb4 10. Qd2 Bxc3 11. Bb5+ Bd7 12. Bxd7+ Kxd7 13. Bxc3 Rc8 14.
Bd4 Ne7 15. O-O Nc6 16. Bc3 Ke8 17. Qg5 Kf8 18. Rfe1 h5 19. Re3 Qe7 20. Qf4 Rh6
21. h4 Rg6 22. Rg3 Rxg3 23. Qxg3 Qc5 24. Rd1 d4 25. Ba1 Qxc2 26. Qf3 Nxe5 27.
Qxh5 Ng6 28. g3 d3 29. Qf3 d2 30. Qe3 Qxd1+ 31. Kg2 Qe1 32. Qd4 d1=Q 33. Qxg7+
Ke8 34. Qg8+ Nf8 35. Bg7 Qh1# 0-1

[Event "CYCC U12"]
[Site "Calgary CAN"]
[Date "2023.07.21"]
[Round "5.127"]
[White "Li, Triston"]
[Black "Nguyen, Leo"]
[Result "1-0"]
[WhiteElo "1693"]
[BlackElo "1174"]
[PlyCount "115"]
[EventDate "2023.07.19"]
[EventType "swiss"]
[EventRounds "7"]
[EventCountry "CAN"]

1. e4 d5 2. exd5 Qxd5 3. Nf3 Nf6 4. c4 Qd6 5. Nc3 Bg4 6. Be2 Nc6 7. O-O h5 8.
h3 Bxf3 9. Bxf3 g5 10. Bxc6+ Qxc6 11. d4 Rg8 12. Qa4 Qxa4 13. Nxa4 h4 14. f3 e6
15. Nc3 Rd8 16. Be3 b6 17. Ne4 Nxe4 18. fxe4 g4 19. hxg4 Rxg4 20. e5 h3 21. Rf2
c5 22. dxc5 Bxc5 23. Bxc5 bxc5 24. b3 Rd3 25. Kh2 Rxg2+ 26. Rxg2 hxg2 27. Kxg2
Re3 28. Kf2 Rxe5 29. Rh1 Rf5+ 30. Ke3 Kd7 31. Rh8 Kc7 32. Re8 Kb6 33. Re7 a6
34. Kd3 Rf2 35. a4 Rf3+ 36. Kc2 Ka5 37. Kb2 Rf5 38. Ka3 Kb6 39. Kb2 e5 40. Kc2
f6 41. Re6+ Ka5 42. Kc3 Rf4 43. Rc6 e4 44. Rxc5+ Kb6 45. Kd4 Rf3 46. a5+ Kb7
47. b4 f5 48. Re5 Rd3+ 49. Kc5 Rf3 50. Re7+ Kc8 51. Kb6 Rb3 52. b5 axb5 53.
cxb5 Rd3 54. a6 Ra3 55. Re5 Rd3 56. Rc5+ Kd7 57. a7 Rd6+ 58. Rc6 1-0

[Event "CYCC U12"]
[Site "Calgary CAN"]
[Date "2023.07.21"]
[Round "6.128"]
[White "Ha, Hoc Quan"]
[Black "Wang, Patrick"]
[Result "1-0"]
[WhiteElo "1510"]
[BlackElo "960"]
[PlyCount "69"]
[EventDate "2023.07.19"]
[EventType "swiss"]
[EventRounds "7"]
[EventCountry "CAN"]

1. d4 d5 2. c4 e6 3. Nc3 Nf6 4. Bf4 Bb4 5. a3 Bxc3+ 6. bxc3 Nbd7 7. e3 b6 8.
Nf3 Bb7 9. Be2 Nf8 10. Bg5 h6 11. Bxf6 Qxf6 12. cxd5 Bxd5 13. c4 Bb7 14. Qa4+
Nd7 15. Ne5 Qe7 16. O-O a5 17. c5 O-O-O 18. c6 Nxe5 19. cxb7+ Kxb7 20. dxe5 Qc5
21. Bf3+ Ka7 22. Rac1 Qxe5 23. Qc6 Rb8 24. Rfd1 Rhc8 25. a4 g5 26. Rd7 g4 27.
Rxc7+ Rxc7 28. Qxc7+ Qxc7 29. Rxc7+ Rb7 30. Bxb7 f5 31. Bc6+ Kb8 32. Rh7 b5 33.
axb5 a4 34. b6 a3 35. Rh8# 1-0

[Event "CYCC U12"]
[Site "Calgary CAN"]
[Date "2023.07.21"]
[Round "6.129"]
[White "Buitelaar, Jake"]
[Black "Patil, Tanishq"]
[Result "0-1"]
[WhiteElo "910"]
[BlackElo "1543"]
[PlyCount "96"]
[EventDate "2023.07.19"]
[EventType "swiss"]
[EventRounds "7"]
[EventCountry "CAN"]

1. e4 c5 2. Nf3 d6 3. d4 cxd4 4. Nxd4 Nf6 5. Nc3 a6 6. Bg5 e6 7. Bc4 Be7 8. Nf3
b5 9. Bd3 Bb7 10. O-O Nbd7 11. Re1 O-O 12. Qe2 Re8 13. e5 Bxf3 14. Qxf3 Nxe5
15. Qg3 Nxd3 16. Bh6 Nh5 17. Qxd3 gxh6 18. Qf3 Nf6 19. Re3 Kh8 20. Qf4 e5 21.
Qxh6 Ng4 22. Qh3 Nxe3 23. Qxe3 Bg5 24. Qf3 Qf6 25. Qxf6+ Bxf6 26. Nd5 Bg7 27.
Nc7 Rac8 28. Nxe8 Rxe8 29. Rd1 Rd8 30. b3 f5 31. c4 bxc4 32. bxc4 Rb8 33. h3
Bf8 34. Rd5 Kg7 35. f4 Kf6 36. Ra5 Rb6 37. fxe5+ dxe5 38. Kf2 Bb4 39. Ra4 e4
40. Ke3 Ke5 41. g3 Bc5+ 42. Ke2 Kd4 43. g4 f4 44. g5 f3+ 45. Kf2 Kd3+ 46. Kf1
e3 47. Ra3+ Bxa3 48. h4 Rb1# 0-1

[Event "CYCC U12"]
[Site "Calgary CAN"]
[Date "2023.07.21"]
[Round "6.130"]
[White "Zhang, Felix"]
[Black "Curran, Dylan"]
[Result "0-1"]
[WhiteElo "1410"]
[BlackElo "865"]
[PlyCount "138"]
[EventDate "2023.07.19"]
[EventType "swiss"]
[EventRounds "7"]
[EventCountry "CAN"]

1. e4 c5 2. Nf3 Nc6 3. Bc4 e6 4. Nc3 d6 5. d3 h6 6. O-O Nf6 7. Re1 Be7 8. Nd2
O-O 9. Qf3 a6 10. a4 d5 11. exd5 exd5 12. Bxd5 Bg4 13. Qg3 Nxd5 14. Nxd5 Qxd5
15. Qxg4 Bf6 16. Ne4 Be5 17. Bxh6 f5 18. Nf6+ Bxf6 19. Qg6 Qf7 20. Qg3 Qh5 21.
Bf4 Bxb2 22. Rab1 Rfe8 23. Rf1 Bf6 24. Rxb7 Qg4 25. Qxg4 fxg4 26. Rc7 Rac8 27.
Rxc8 Rxc8 28. Re1 Bc3 29. Re4 Nd4 30. Be5 Re8 31. Bxd4 Rxe4 32. dxe4 Bxd4 33.
Kf1 Be5 34. Ke2 Kf7 35. g3 c4 36. Ke3 Kf6 37. f4 gxf3 38. Kxf3 Kg5 39. h3 g6
40. Kg2 Kh5 41. Kf3 g5 42. Kg2 g4 43. hxg4+ Kxg4 44. Kf2 Bxg3+ 45. Ke3 Be5 46.
a5 Kg3 47. Kd2 Kf4 48. Kd1 Kxe4 49. Ke2 Bc3 50. Kd1 Bxa5 51. Kc1 Bc3 52. Kd1 a5
53. Kc1 a4 54. Kb1 Ke3 55. Ka2 Kd2 56. Ka3 Kxc2 57. Kxa4 Kb2 58. Kb5 Kb3 59.
Kc5 Bh8 60. Kd5 c3 61. Ke4 c2 62. Kd3 c1=Q 63. Ke2 Qc3 64. Kf2 Qd3 65. Kg2 Qe3
66. Kh2 Qf3 67. Kg1 Qe2 68. Kh1 Be5 69. Kg1 Kc3 0-1

[Event "CYCC U12"]
[Site "Calgary CAN"]
[Date "2023.07.21"]
[Round "6.131"]
[White "Zhang, Nathan"]
[Black "Li, Aiden"]
[Result "0-1"]
[WhiteElo "894"]
[BlackElo "1402"]
[PlyCount "50"]
[EventDate "2023.07.19"]
[EventType "swiss"]
[EventRounds "7"]
[EventCountry "CAN"]

1. e4 c5 2. Nf3 g6 3. c3 Bg7 4. Bc4 e6 5. O-O Ne7 6. d4 cxd4 7. cxd4 d5 8. Bb5+
Bd7 9. Bxd7+ Nxd7 10. e5 O-O 11. Nc3 Nc6 12. Bf4 f6 13. exf6 Nxf6 14. Nb5 Ne8
15. Ng5 Rxf4 16. Nxe6 Qf6 17. Nxf4 Qxf4 18. Qb3 Rd8 19. Nc3 Nf6 20. Qxb7 Ng4
21. g3 Qh6 22. Kg2 Qxh2+ 23. Kf3 Nxd4+ 24. Kxg4 Qh5+ 25. Kf4 Qe5+ 0-1